| 000 | 00416nam a2200157Ia 4500 | ||
|---|---|---|---|
| 008 | 210716s2010 xx 000 0 und d | ||
| 020 | _a9788184048001 | ||
| 041 | _aeng | ||
| 082 | _a658.404 GREJ | ||
| 100 | _aGreene, Jennifer;Stellman, Andrew. | ||
| 245 | _aHead first PMP. | ||
| 250 | _a4 | ||
| 260 |
_aMumbai _bShroff Publishers and Distributors Pvt Ltd _c2010 |
||
| 300 | _axxxiv,886/2018 | ||
| 650 | _aNone | ||
| 999 |
_c196875 _d196875 |
||